00989nam a22001817a 4500020001500000040000600015082001400021100003600035245015000071250001600221260003700237300001400274505032700288650003800615942001200653999001900665952012300684 a0312004931 c0 a320.6,HEI aHeidenheimer, Arnold J.9113523 aComparative Public Policy :bThe Politics of Social Choice in America, Europ and Japan /cArnold J. Heidenheimer, Hugh Heclo, Carolyn Teich Adams a3rd Edition aLahorebServices Book Clubc1996 axv, 415 p aThe Politics of Social Choice (Page-1), Education Policy (Page-23), Health Policy (Page-57), Housing Policy (Page-97), Economic Policy (Page-132), Taxation Policy (Page-183), Income Maintenance Policy (Page-218), Urban Planning (Page-267), Environmental Policy (Page-308), Policy Contrasts in the Welfare State (Page-345). aPolitics of Social Choice9113524 2ddccBK c595198d595198 00102ddc4070aMCSbMCScGENd2023-07-11o320.6,HEIpMCS38717r2023-07-11w2023-07-11yBKzAlmirah No.49, Shelf No.4